[Event "Steyr-ch U12"]
[Site "Soechau"]
[Date "2007.04.21"]
[Round "8"]
[White "Weyringer, Laura"]
[Black "Weinberger, Gregor"]
[Result "0-1"]
[WhiteElo "1272"]
[BlackElo "1263"]
[PlyCount "48"]
[EventDate "2007.04.14"]
[EventType "swiss"]
[EventRounds "9"]
[EventCountry "AUT"]
[SourceTitle "EXT 2010"]
[Source "ChessBase"]
[SourceDate "2010.11.25"]
[SourceVersion "1"]
[SourceVersionDate "2010.11.25"]
[SourceQuality "1"]

1. e4 e5 2. Nf3 Nc6 3. Nc3 Bb4 4. d4 exd4 5. Nxd4 Nxd4 6. Qxd4 Nf6 7. Qxb4 d6 8. Bc4 0-0 9. 0-0 Re8 10. Qb3 Be6 11. Bxe6 Rxe6 12. Qxb7 Rb8 13. Qc6 Rb6 14. Qa4 Qe7 15. Bg5 h6 16. Bh4 Rxb2 17. Nd5 Qd8 18. Nxf6+ gxf6 19. Rac1 Rb7 20. Rfe1 Qe7 21. Re3 Re5 22. Rg3+ Kf8 23. Re1 Rxe4 24. Rxe4 Rb1+ 0-1

[Event "Steyr-ch U12"]
[Site "Soechau"]
[Date "2007.04.16"]
[Round "3"]
[White "Weinberger, Gregor"]
[Black "Cortolezis, Leander"]
[Result "0-1"]
[WhiteElo "1263"]
[BlackElo "1414"]
[PlyCount "64"]
[EventDate "2007.04.14"]
[EventType "swiss"]
[EventRounds "9"]
[EventCountry "AUT"]
[SourceTitle "EXT 2010"]
[Source "ChessBase"]
[SourceDate "2010.11.25"]
[SourceVersion "1"]
[SourceVersionDate "2010.11.25"]
[SourceQuality "1"]

1. e4 e5 2. Nf3 Nc6 3. Bb5 a6 4. Ba4 Nf6 5. d3 d6 6. h3 Be7 7. Bg5 h6 8. Bxf6 Bxf6 9. Nc3 b5 10. Bb3 Na5 11. Qd2 c6 12. 0-0 Nb7 13. d4 0-0 14. Rad1 c5 15. dxc5 dxc5 16. Qxd8 Rxd8 17. Rxd8+ Nxd8 18. a3 c4 19. Ba2 Ne6 20. Rd1 Bb7 21. b3 cxb3 22. cxb3 Rc8 23. Rc1 Bxe4 24. b4 Bxf3 25. gxf3 Nf4 26. Kf1 e4 27. fxe4 Rxc3 28. Re1 Be5 29. Rd1 Rd3 30. Rc1 Nxh3 31. Bb1 Rf3 32. Rc2 Bg3 0-1